000 00736nam a2200289Ia 4500
005 20260324123200.0
008 008 260324s9999 xx 000 0 eng d
020 _a9781315612089
037 _aEBOOK
040 _aCRL
040 _beng
040 _cCRL
041 _2eng
041 _aeng
084 _qCRL
100 _aAndrew Wood; Andrew Jonas
_91169339
245 0 _aTerritory, the State and Urban Politics
245 2 _bA Critical Appreciation of the Selected Writings of Kevin R. Cox
260 _bTaylor and Francis
260 _c2012
365 _a
365 _b65.99
856 _uhttp://www.taylorfrancis.com/books/9781315612089
942 _cEBOOK
999 _c1762631
_d1762631